Stations de ski les plus enneigées en France - Statistiques

Statistiques générales
  • Ce quiz a été pris 67 fois
  • Le résultat moyen est 10 sur 15
Statistiques - réponses
Réponse Hint % Correct
La Plagne 4
89%
Tignes 1
89%
Val Thorens 2
87%
Courchevel 15
84%
Val d'Isère 7
82%
Les Arcs 6
78%
Chamonix 9
71%
Méribel 11
65%
Les 2 Alpes 5
62%
Les Menuires 3
62%
Avoriaz 14
56%
Serre Chevalier 12
56%
Alpe d'Huez 13
55%
La Clusaz 8
33%
Le Grand Bornand 10
22%
Aucun quiz correspondant
Distribution des résultats
% des personnes avec chaque résultat
Percentile par nombre de réponses
Votre historique - résultats
Vous n’avez pas pris ce quiz